<The> culture of the new capitalism
Na minha lista:
| Autor principal: | |
|---|---|
| Formato: | Livro |
| Idioma: | inglês |
| Publicado em: |
New Haven
Yale University Press
2006
|
| Colecção: | The castle lectures in ethics, politics, and economics
|
| Assuntos: | |
| Tags: |
Sem tags, seja o primeiro a adicionar uma tag!
|
MARC
| LEADER | 00000nam$a2200000$$$4500 | ||
|---|---|---|---|
| 001 | 0113507 | ||
| 005 | 20240312115538.5 | ||
| 020 | |a 0-300-11992-5 | ||
| 020 | |a 978-0-300-11992-3 | ||
| 041 | 0 | |a eng | |
| 044 | |a GB | ||
| 245 | 1 | 0 | |a <The> culture of the new capitalism |c Richard Sennett |
| 264 | 1 | |a New Haven |b Yale University Press |c 2006 | |
| 300 | |a 214 s. | ||
| 490 | 1 | |a The castle lectures in ethics, politics, and economics | |
| 830 | 0 | |a The castle lectures in ethics, politics, and economics | |
| 610 | 2 | 0 | |a kapitalizmus |
| 610 | 2 | 0 | |a byrokracia |
| 610 | 2 | 0 | |a sociológia priemyselná |
| 610 | 2 | 0 | |a podnik priemyselný |
| 610 | 2 | 0 | |a politika hospodárska |
| 610 | 2 | 0 | |a politika spotrebiteľská |
| 610 | 2 | 0 | |a história |
| 100 | 1 | |a Sennett, Richard | |